Statistics for Currencies replaced by the Euro

Click here to take the quiz!

General Stats

  • This quiz has been taken 103 times
    (67 since last reset)
  • The average score is 12 of 19

Answer Stats

CountryYear Euro adoptedPre-Euro Currency% Correct
Belgium1999Belgian Franc
98%
France1999French Franc
98%
Luxembourg1999Luxembourg Franc
98%
Malta2008Maltese Lira (Pound)
98%
Germany1999Deutsche Mark
95%
Ireland1999Irish Pound
95%
Italy1999Italian Lira
92%
Cyprus2008Cypriot Pound
88%
Spain1999Peseta
72%
Greece2001Drachma
70%
Austria1999Austrian Schilling
68%
Portugal1999Escudo
53%
Netherlands1999Guilder
52%
Finland1999Markka
43%
Slovakia2009Koruna
33%
Slovenia2007Tolar
27%
Latvia2014Lats
23%
Lithuania2015Litas
22%
Estonia2011Kroon
20%

Score Distribution

Percentile by Number Answered

Percent of People with Each Score

Your Score History

You have not taken this quiz since the last reset